000 00887nam a22002057a 4500
003 OSt
005 20260213024949.0
008 260213b |||||||| |||| 00| 0 eng d
020 _a9780316079167
040 _aDWCL GS library
_cOC
082 _aFic. C874h 2008
100 _aCowell, Cressida
245 _ahow to train your dragon book 7
_b: how to ride a dragon's storm
_cCressida Cowell
260 _aNew York
_bHachette Book Group
_cc2008
300 _a254
_billustrations
_c20cm
520 _aHiccup must survive a3-month, 5-day, 6-hour deadline to win the Inter-Tribal Friendly Swimming Race, battle dangerous Polarserpents, and rescue his father, Stoick. He faces his nemesis, Norbert the Nutjob, in a dangerous quest across the ocean.
546 _aEnglish
700 _aCressida Cowell
942 _2ddc
_cFIC.
_hFic. C874h 2008
_n0
999 _c8395
_d8395